[Event "CZE-chT2C 2122"]
[Site "Czech Republic"]
[Date "2021.11.21"]
[Round "3.8"]
[White "Stankova, Zuzana1"]
[Black "Tejnsky, Bretislav"]
[Result "1/2-1/2"]
[WhiteElo "1689"]
[BlackElo "1894"]
[PlyCount "115"]
[EventDate "2021.10.17"]
[EventType "team-tourn"]
[EventRounds "11"]
[EventCountry "CZE"]
[SourceTitle "EXT 2025"]
[Source "ChessBase"]
[SourceDate "2024.10.14"]
[SourceVersion "1"]
[SourceVersionDate "2024.10.14"]
[SourceQuality "1"]
[WhiteTeam "Praha Bohemians"]
[BlackTeam "Tanvald Jiskra"]
[WhiteTeamCountry "CZE"]
[BlackTeamCountry "CZE"]

1. e4 e5 2. Nf3 Nc6 3. d4 exd4 4. Bc4 Nf6 5. e5 d5 6. Bb5 Bb4+ 7. Bd2 Bxd2+ 8. Nbxd2 Ne4 9. Nxd4 Bd7 10. Bxc6 bxc6 11. Nxe4 dxe4 12. Qe2 c5 13. Nb3 Qe7 14. Qxe4 0-0 15. 0-0 Be6 16. Rfe1 Rad8 17. Rad1 c4 18. Nd4 Qc5 19. c3 Bd5 20. Qe3 Rfe8 21. Qg3 Qf8 22. f4 f5 23. Qf2 a6 24. Rd2 Be4 25. Red1 Qe7 26. Qe3 g6 27. Nf3 Rd3 28. Rxd3 cxd3 29. Ng5 Bd5 30. b3 h6 31. Nf3 Bxf3 32. Qxf3 Qc5+ 33. Kf1 Qxc3 34. Qxd3 Qb4 35. Qc4+ Qxc4+ 36. bxc4 Re7 37. Ke2 Kf7 38. Ke3 Ke6 39. h3 Re8 40. g4 Rb8 41. Rd3 Rb4 42. Kd4 Ra4 43. a3 Ra5 44. Rb3 Kd7 45. gxf5 gxf5 46. Rg3 h5 47. Rg5 Ke6 48. Rxh5 c5+ 49. Kc3 Rxa3+ 50. Kb2 Rf3 51. Rh6+ Ke7 52. Rxa6 Rxf4 53. Rf6 Rxc4 54. Rxf5 Rh4 55. Rf3 Ke6 56. Re3 Rh5 57. Kc3 Rxe5 58. Rxe5+ 1/2-1/2

[Event "CZE-chT2B 1415"]
[Site "Czech Republic"]
[Date "2015.02.22"]
[Round "8.7"]
[White "Krutsky, Martin"]
[Black "Tejnsky, Bretislav"]
[Result "1-0"]
[WhiteElo "1953"]
[BlackElo "1942"]
[PlyCount "63"]
[EventDate "2014.11.02"]
[EventType "team-tourn"]
[EventRounds "11"]
[EventCountry "CZE"]
[SourceTitle "EXT 2022"]
[Source "ChessBase"]
[SourceDate "2021.10.06"]
[SourceVersion "1"]
[SourceVersionDate "2021.10.06"]
[SourceQuality "1"]
[WhiteTeam "Teplice"]
[BlackTeam "Liberec Lokomotiva"]
[WhiteTeamCountry "CZE"]
[BlackTeamCountry "CZE"]

1. e4 d6 2. d4 g6 3. Nc3 Bg7 4. Be3 Nf6 5. Qd2 Nbd7 6. 0-0-0 c6 7. Bh6 Bxh6 8. Qxh6 Qa5 9. Kb1 b5 10. f3 b4 11. Nce2 Ba6 12. g4 e6 13. Nh3 0-0-0 14. Nc1 Bxf1 15. Rhxf1 Qc7 16. Qe3 c5 17. c3 a5 18. Rf2 Nb6 19. cxb4 axb4 20. Rc2 c4 21. Qg5 Nfd5 22. exd5 Nxd5 23. Qd2 Kd7 24. Nf4 Rb8 25. Nxd5 exd5 26. Qg5 Kc6 27. Re1 Qa7 28. Qf6 Rb7 29. Qxh8 Qa5 30. Qe8+ Kb6 31. Qd8+ Rc7 32. Re7 1-0

[Event "CZE-chT2B 1415"]
[Site "Czech Republic"]
[Date "2015.01.11"]
[Round "5.6"]
[White "Zima, Jan"]
[Black "Tejnsky, Bretislav"]
[Result "1-0"]
[WhiteElo "1881"]
[BlackElo "1942"]
[PlyCount "141"]
[EventDate "2014.11.02"]
[EventType "team-tourn"]
[EventRounds "11"]
[EventCountry "CZE"]
[SourceTitle "EXT 2022"]
[Source "ChessBase"]
[SourceDate "2021.10.06"]
[SourceVersion "1"]
[SourceVersionDate "2021.10.06"]
[SourceQuality "1"]
[WhiteTeam "Turnov Zikuda II"]
[BlackTeam "Liberec Lokomotiva"]
[WhiteTeamCountry "CZE"]
[BlackTeamCountry "CZE"]

1. e4 g6 2. d4 c6 3. Nc3 d5 4. e5 Bf5 5. Be3 Na6 6. g4 Bd7 7. Be2 f6 8. f4 Nh6 9. h3 f5 10. g5 Nf7 11. Qd2 e6 12. Nf3 Bb4 13. Kf2 Qa5 14. a3 Bxc3 15. Qxc3 Qxc3 16. bxc3 b5 17. h4 Nd8 18. h5 Kf7 19. hxg6+ Kxg6 20. Rh6+ Kg7 21. Rg1 Nf7 22. Rf6 Rag8 23. Nh4 Nd8 24. a4 Nc7 25. axb5 cxb5 26. Bh5 Be8 27. g6 h6 28. Rf7+ Nxf7 29. gxf7+ Kh7 30. fxg8Q+ Rxg8 31. Rxg8 Kxg8 32. Bxe8 Nxe8 33. Bc1 Kf7 34. Ba3 Nc7 35. Kg3 a5 36. Nf3 Na6 37. Ne1 Nb8 38. Nd3 Nc6 39. Bc5 Kg6 40. Kh4 Kg7 41. Ba3 Kg6 42. Nc5 b4 43. cxb4 axb4 44. Bb2 Kf7 45. Kh5 Na5 46. Nd3 b3 47. Bc3 b2 48. Nxb2 Nc6 49. Kxh6 Na7 50. Na4 Nb5 51. Bb2 Na7 52. Nb6 Nc6 53. c4 dxc4 54. Nxc4 Nb4 55. Nd6+ Kg8 56. Bc3 Nd5 57. Bd2 Kf8 58. Kg6 Ke7 59. Bc1 Nc3 60. Bd2 Nd5 61. Nxf5+ exf5 62. Kxf5 Kd7 63. Ke4 Ne7 64. d5 Ng6 65. f5 Ne7 66. e6+ Ke8 67. Be3 Nc8 68. Bc5 Kd8 69. f6 Ne7 70. Bxe7+ Ke8 71. Bc5 1-0

[Event "CZE-chT2B 1415"]
[Site "Czech Republic"]
[Date "2014.11.02"]
[Round "1.5"]
[White "Vanka, Miloslav"]
[Black "Tejnsky, Bretislav"]
[Result "1-0"]
[WhiteElo "2157"]
[BlackElo "1942"]
[PlyCount "53"]
[EventDate "2014.11.02"]
[EventType "team-tourn"]
[EventRounds "11"]
[EventCountry "CZE"]
[SourceTitle "EXT 2022"]
[Source "ChessBase"]
[SourceDate "2021.10.06"]
[SourceVersion "1"]
[SourceVersionDate "2021.10.06"]
[SourceQuality "1"]
[WhiteTeam "Neratovice"]
[BlackTeam "Liberec Lokomotiva"]
[WhiteTeamCountry "CZE"]
[BlackTeamCountry "CZE"]

1. e4 e6 2. d3 d5 3. Nd2 c5 4. Ngf3 Nc6 5. g3 g6 6. Bg2 Bg7 7. 0-0 Nge7 8. Re1 0-0 9. Qe2 h6 10. h4 f5 11. exd5 Nxd5 12. Nc4 Kh7 13. c3 Bf6 14. Nce5 Nxe5 15. Nxe5 Qe8 16. Bd2 g5 17. hxg5 hxg5 18. c4 Nc7 19. f4 g4 20. Bc3 Rb8 21. Kf2 Kg7 22. Rh1 Rh8 23. Nxg4 Bxc3 24. bxc3 Rxh1 25. Qe5+ Kg8 26. Rxh1 Qf7 27. Rh8# 1-0

[Event "Liberec op 14th"]
[Site "Liberec"]
[Date "2013.10.31"]
[Round "7"]
[White "Tejnsky, Bretislav"]
[Black "Krumm, Johannes"]
[Result "1/2-1/2"]
[WhiteElo "1944"]
[BlackElo "2005"]
[PlyCount "119"]
[EventDate "2013.10.26"]
[EventType "swiss"]
[EventRounds "9"]
[EventCountry "CZE"]
[SourceTitle "EXT 2014"]
[Source "ChessBase"]
[SourceDate "2013.11.20"]
[SourceVersion "1"]
[SourceVersionDate "2013.11.20"]
[SourceQuality "1"]

1. c4 c6 2. g3 d5 3. cxd5 cxd5 4. d4 Nf6 5. Bg2 e6 6. Nh3 Bd6 7. Nc3 0-0 8. 0-0 Nc6 9. f4 b6 10. a3 Nxd4 11. b4 Nf5 12. e4 dxe4 13. Nxe4 Be7 14. Bb2 Ba6 15. Re1 Qxd1 16. Raxd1 Rad8 17. Nxf6+ Bxf6 18. Bxf6 gxf6 19. Be4 Nd4 20. Kf2 f5 21. Bb1 Nb5 22. Rd3 Nc7 23. Rdd1 Nd5 24. Rc1 Rc8 25. Ng5 Nc3 26. Nf3 Rc7 27. Kg2 Bb7 28. Re3 Rfc8 29. Kh3 Nxb1 30. Rxb1 Rc3 31. Rb3 Rc2 32. Ne1 Rd2 33. Rbc3 Rxc3 34. Rxc3 Be4 35. Re3 b5 36. g4 fxg4+ 37. Kxg4 f5+ 38. Kg3 Bd5 39. Nd3 Bc4 40. Nc5 Kf7 41. Nb3 Rc2 42. Nd4 Rb2 43. Nf3 Kf6 44. Ne1 h5 45. Nf3 Bf1 46. Ne1 h4+ 47. Kxh4 Rxh2+ 48. Kg3 Re2 49. Kf3 Rxe3+ 50. Kxe3 e5 51. Nf3 exf4+ 52. Kxf4 Ke6 53. Nd4+ Kd5 54. Nxf5 Bd3 55. Ne7+ Kc4 56. Nc6 a6 57. Nb8 Kb3 58. Nxa6 Kxa3 59. Nc7 Kxb4 60. Nxb5 1/2-1/2

[Event "Liberec op 14th"]
[Site "Liberec"]
[Date "2013.10.29"]
[Round "5"]
[White "Tejnsky, Bretislav"]
[Black "Golcman, Evgeny"]
[Result "0-1"]
[WhiteElo "1944"]
[BlackElo "2231"]
[PlyCount "102"]
[EventDate "2013.10.26"]
[EventType "swiss"]
[EventRounds "9"]
[EventCountry "CZE"]
[SourceTitle "EXT 2014"]
[Source "ChessBase"]
[SourceDate "2013.11.20"]
[SourceVersion "1"]
[SourceVersionDate "2013.11.20"]
[SourceQuality "1"]

1. c4 f5 2. g3 Nf6 3. Bg2 g6 4. Nc3 Bg7 5. d3 0-0 6. e4 d6 7. Nge2 Nc6 8. 0-0 e5 9. f4 Be6 10. b3 Qd7 11. Rb1 Rae8 12. a3 a6 13. Bd2 Ne7 14. Kh1 h6 15. Qc2 b5 16. Nd5 fxe4 17. dxe4 Bg4 18. Ng1 Kh7 19. h3 Be6 20. Kh2 c6 21. Nxe7 Rxe7 22. f5 Bf7 23. g4 Ree8 24. Rbd1 bxc4 25. bxc4 gxf5 26. gxf5 Qe7 27. Bb4 c5 28. Be1 Rg8 29. Ne2 Nh5 30. Ng3 Nf4 31. Bf3 h5 32. f6 Qxf6 33. Nf5 Bf8 34. Bh4 Qe6 35. Rg1 Rb8 36. Rxg8 Bxg8 37. Bg5 Qxc4 38. Qf2 Bf7 39. Nxd6 Qe6 40. Nf5 Bg6 41. Qc2 Rb3 42. Rf1 c4 43. Bxf4 exf4 44. Nd4 Qb6 45. Nxb3 cxb3 46. Qb1 Bxa3 47. Rd1 Qf2+ 48. Bg2 f3 49. Rd7+ Kh6 50. Qf1 Qxg2+ 51. Qxg2 fxg2 0-1

[Event "Liberec op 14th"]
[Site "Liberec"]
[Date "2013.10.27"]
[Round "2"]
[White "Ostling, Hakan"]
[Black "Tejnsky, Bretislav"]
[Result "1-0"]
[WhiteElo "2203"]
[BlackElo "1944"]
[PlyCount "79"]
[EventDate "2013.10.26"]
[EventType "swiss"]
[EventRounds "9"]
[EventCountry "CZE"]
[SourceTitle "EXT 2014"]
[Source "ChessBase"]
[SourceDate "2013.11.20"]
[SourceVersion "1"]
[SourceVersionDate "2013.11.20"]
[SourceQuality "1"]

1. f4 d5 2. Nf3 g6 3. g3 Bg7 4. Bg2 c5 5. 0-0 Nc6 6. d3 Nf6 7. Nc3 d4 8. Na4 Nd7 9. c4 a6 10. Bd2 Rb8 11. a3 b5 12. cxb5 axb5 13. Nxc5 Nxc5 14. Qc2 Qb6 15. Rac1 Nxd3 16. exd3 Bd7 17. Ng5 Rc8 18. Qc5 Qa6 19. Qd5 e6 20. Qb3 0-0 21. Ne4 Na7 22. Nc5 Qd6 23. Bb4 Rfe8 24. Nb7 Qa6 25. Nc5 Qd6 26. Ne4 Qa6 27. Bc5 Rc7 28. Rc2 Rec8 29. Rfc1 Rc6 30. Qb4 R6c7 31. Qd2 Rc6 32. b4 h6 33. Nf2 R6c7 34. Ng4 Bc6 35. Bxa7 Bxg2 36. Rxc7 Rxc7 37. Rxc7 Bd5 38. Qc1 Bb7 39. Bc5 h5 40. Ne5 1-0

[Event "Nachod op"]
[Site "Nachod"]
[Date "2012.07.08"]
[Round "9"]
[White "Postupa, Pavel"]
[Black "Tejnsky, Bretislav"]
[Result "1/2-1/2"]
[WhiteElo "2038"]
[BlackElo "1952"]
[PlyCount "47"]
[EventDate "2012.06.30"]
[EventType "swiss"]
[EventRounds "9"]
[EventCountry "CZE"]
[SourceTitle "CBM 149 Extra"]
[Source "ChessBase"]
[SourceDate "2012.08.24"]
[SourceVersion "1"]
[SourceVersionDate "2012.08.24"]
[SourceQuality "1"]

1. e4 e6 2. d3 d5 3. Nd2 c5 4. Ngf3 Nc6 5. g3 g6 6. Bg2 Bg7 7. 0-0 Nge7 8. c3 d4 9. cxd4 cxd4 10. Nc4 b5 11. Na3 Rb8 12. Ng5 f6 13. Nh3 0-0 14. f4 h6 15. Bd2 Kh7 16. Rc1 Qe8 17. Rc5 a6 18. Nc2 e5 19. Ne1 Be6 20. b3 Qd7 21. f5 gxf5 22. exf5 Bd5 23. Bxd5 Nxd5 24. Qh5 1/2-1/2

[Event "Nachod op"]
[Site "Nachod"]
[Date "2012.07.07"]
[Round "8"]
[White "Tejnsky, Bretislav"]
[Black "Mohapl, Petr"]
[Result "1/2-1/2"]
[WhiteElo "1952"]
[BlackElo "2096"]
[PlyCount "28"]
[EventDate "2012.06.30"]
[EventType "swiss"]
[EventRounds "9"]
[EventCountry "CZE"]
[SourceTitle "CBM 149 Extra"]
[Source "ChessBase"]
[SourceDate "2012.08.24"]
[SourceVersion "1"]
[SourceVersionDate "2012.08.24"]
[SourceQuality "1"]

1. e4 d5 2. exd5 Qxd5 3. Nc3 Qa5 4. d4 Nf6 5. Bd2 Qb6 6. Nf3 Bg4 7. Be2 c6 8. Ne5 Bf5 9. Bc1 Nbd7 10. Nc4 Qc7 11. 0-0 e6 12. Bf3 Nb6 13. Ne3 Bg6 14. Ne2 Be7 1/2-1/2

[Event "Nachod op"]
[Site "Nachod"]
[Date "2012.07.06"]
[Round "7"]
[White "Saucuk, Martin"]
[Black "Tejnsky, Bretislav"]
[Result "0-1"]
[WhiteElo "1939"]
[BlackElo "1952"]
[PlyCount "82"]
[EventDate "2012.06.30"]
[EventType "swiss"]
[EventRounds "9"]
[EventCountry "CZE"]
[SourceTitle "CBM 149 Extra"]
[Source "ChessBase"]
[SourceDate "2012.08.24"]
[SourceVersion "1"]
[SourceVersionDate "2012.08.24"]
[SourceQuality "1"]

1. e4 g6 2. d4 Bg7 3. Nc3 d6 4. f4 Nf6 5. Nf3 0-0 6. Be2 c5 7. d5 e6 8. 0-0 Qb6 9. Kh1 exd5 10. Nxd5 Nxd5 11. exd5 Re8 12. Bd3 Nd7 13. c4 f5 14. Rb1 Nf6 15. Qc2 Bd7 16. b3 Re7 17. Bb2 Rae8 18. Rbe1 Qd8 19. Bc3 Re3 20. Rxe3 Rxe3 21. Re1 Rxe1+ 22. Nxe1 Qe8 23. Nf3 h6 24. a3 b6 25. Qb2 Qe7 26. b4 g5 27. fxg5 hxg5 28. bxc5 bxc5 29. Qb8+ Ne8 30. Bxg7 Kxg7 31. Qxa7 g4 32. Ng1 Qf7 33. Qb8 f4 34. Qb2+ Nf6 35. Qe2 Kh6 36. Qf2 Nh5 37. Ne2 Qf6 38. Qf1 Qe5 39. Ng1 Qg5 40. Qe2 Qh4 41. Nf3 Ng3+ 0-1

[Event "Nachod op"]
[Site "Nachod"]
[Date "2012.07.04"]
[Round "5"]
[White "Szucs, Matyas"]
[Black "Tejnsky, Bretislav"]
[Result "1/2-1/2"]
[WhiteElo "1861"]
[BlackElo "1952"]
[PlyCount "53"]
[EventDate "2012.06.30"]
[EventType "swiss"]
[EventRounds "9"]
[EventCountry "CZE"]
[SourceTitle "CBM 149 Extra"]
[Source "ChessBase"]
[SourceDate "2012.08.24"]
[SourceVersion "1"]
[SourceVersionDate "2012.08.24"]
[SourceQuality "1"]

1. e4 e6 2. d4 d5 3. e5 c5 4. c3 Nc6 5. Nf3 Qb6 6. Be2 Nge7 7. dxc5 Qc7 8. 0-0 Ng6 9. Be3 Ncxe5 10. Nxe5 Nxe5 11. b4 f6 12. Nd2 Be7 13. f4 Nf7 14. Nb3 0-0 15. c4 dxc4 16. Bxc4 b6 17. Rc1 bxc5 18. Nxc5 Bxc5 19. Bxc5 Re8 20. Qb3 Kh8 21. Rce1 Nd8 22. Re2 a5 23. a3 axb4 24. axb4 Ba6 25. Bxa6 Rxa6 26. Qc4 Rc6 27. Rc2 1/2-1/2

[Event "Nachod op"]
[Site "Nachod"]
[Date "2012.07.03"]
[Round "4"]
[White "Tejnsky, Bretislav"]
[Black "Kracik, Tomas"]
[Result "0-1"]
[WhiteElo "1952"]
[BlackElo "2161"]
[PlyCount "132"]
[EventDate "2012.06.30"]
[EventType "swiss"]
[EventRounds "9"]
[EventCountry "CZE"]
[SourceTitle "CBM 149 Extra"]
[Source "ChessBase"]
[SourceDate "2012.08.24"]
[SourceVersion "1"]
[SourceVersionDate "2012.08.24"]
[SourceQuality "1"]

1. e4 c5 2. Nf3 a6 3. d4 cxd4 4. Nxd4 Nf6 5. Nc3 e5 6. Nf3 Nc6 7. Bg5 Bb4 8. Qd3 d6 9. Be2 Be6 10. a4 d5 11. Bxf6 gxf6 12. exd5 Qxd5 13. 0-0 Qxd3 14. Bxd3 f5 15. Ng5 Rg8 16. Nxe6 fxe6 17. Ne2 Ke7 18. c3 Bd6 19. Kh1 Rad8 20. Rad1 Bc5 21. f3 Rg5 22. b4 Bb6 23. b5 axb5 24. axb5 Na5 25. Bb1 Rdg8 26. g3 Nc4 27. Rfe1 Bf2 28. f4 R5g7 29. fxe5 Bxe1 30. Rxe1 Rc8 31. Nd4 Rgg8 32. Ba2 Rc5 33. Kg2 Rg6 34. Nf3 Na3 35. Nh4 Rg7 36. Re3 Rxb5 37. Kf3 Rb2 38. Re2 Rb5 39. Ng2 Rc5 40. Nf4 Nc4 41. Nd3 Rc7 42. Nf4 Rg8 43. Bb1 Ra8 44. Bxf5 exf5 45. Nd5+ Kd7 46. Nxc7 Kxc7 47. Kf4 Rf8 48. g4 fxg4+ 49. Kxg4 Kc6 50. Kg5 Rf3 51. e6 Nd6 52. c4 Ne8 53. h4 Rf6 54. c5 h6+ 55. Kg4 Kxc5 56. Rb2 b5 57. Rc2+ Kb6 58. Re2 b4 59. Re5 Kc6 60. Re4 Kb5 61. e7 b3 62. Rd4 b2 63. Rd8 b1Q 64. Rb8+ Rb6 65. Rxb6+ Kxb6 66. Kh5 Qh7 0-1

[Event "Nachod op"]
[Site "Nachod"]
[Date "2012.07.01"]
[Round "2"]
[White "Tejnsky, Bretislav"]
[Black "Cechura, Petr"]
[Result "0-1"]
[WhiteElo "1952"]
[BlackElo "2204"]
[PlyCount "66"]
[EventDate "2012.06.30"]
[EventType "swiss"]
[EventRounds "9"]
[EventCountry "CZE"]
[SourceTitle "CBM 149 Extra"]
[Source "ChessBase"]
[SourceDate "2012.08.24"]
[SourceVersion "1"]
[SourceVersionDate "2012.08.24"]
[SourceQuality "1"]

1. c4 e5 2. Nc3 Nc6 3. g3 Nf6 4. Bg2 g6 5. d3 Bg7 6. e3 0-0 7. Nge2 d6 8. 0-0 Be6 9. e4 Qd7 10. Nd5 Bh3 11. Ne3 Bxg2 12. Kxg2 Nd4 13. Nc3 Nh5 14. Ng4 c6 15. Be3 Qe8 16. Nh6+ Kh8 17. Qd2 f5 18. Bg5 f4 19. Ng4 Ne6 20. Bh6 Bxh6 21. Nxh6 Qe7 22. f3 Qg5 23. Ng4 Rf7 24. Ne2 Raf8 25. h4 Qd8 26. Nh6 Rd7 27. g4 Qxh4 28. gxh5 gxh5 29. Nf5 Rxf5 30. Rg1 Rg5+ 31. Kf1 Rdg7 32. Rxg5 Nxg5 33. Ng1 Nh3 0-1

[Event "Nachod op"]
[Site "Nachod"]
[Date "2012.06.30"]
[Round "1"]
[White "Tumova, Anna"]
[Black "Tejnsky, Bretislav"]
[Result "0-1"]
[WhiteElo "1285"]
[BlackElo "1952"]
[PlyCount "58"]
[EventDate "2012.06.30"]
[EventType "swiss"]
[EventRounds "9"]
[EventCountry "CZE"]
[SourceTitle "CBM 149 Extra"]
[Source "ChessBase"]
[SourceDate "2012.08.24"]
[SourceVersion "1"]
[SourceVersionDate "2012.08.24"]
[SourceQuality "1"]

1. f4 Nf6 2. e3 d5 3. Bd3 Nc6 4. b3 e5 5. fxe5 Nxe5 6. Qe2 Ne4 7. Nf3 Nxf3+ 8. Qxf3 Ng5 9. Qf2 Bd6 10. Nc3 c6 11. h4 Qc7 12. Ne2 Ne4 13. Bxe4 dxe4 14. Bb2 f6 15. 0-0-0 Bg4 16. Rde1 0-0-0 17. Nf4 Rhf8 18. Qg3 h5 19. Qf2 Qa5 20. a4 Bb4 21. c3 Bd6 22. Ng6 Rf7 23. d4 exd3 24. Rhf1 Bg3 25. Qxg3 d2+ 26. Kc2 dxe1Q 27. Rxe1 Qf5+ 28. e4 Qxg6 29. Ba3 Bd1+ 0-1

[Event "Liberec op 09th"]
[Site "Liberec"]
[Date "2008.11.17"]
[Round "3"]
[White "Krtous, Zdenek"]
[Black "Tejnsky, Bretislav"]
[Result "1/2-1/2"]
[WhiteElo "1799"]
[BlackElo "1974"]
[PlyCount "31"]
[EventDate "2008.11.15"]
[EventType "swiss"]
[EventRounds "9"]
[EventCountry "CZE"]
[SourceTitle "CBM 127 Extra"]
[Source "ChessBase"]
[SourceDate "2009.01.08"]
[SourceVersion "2"]
[SourceVersionDate "2009.01.28"]
[SourceQuality "1"]

1. e4 e6 2. d4 d5 3. exd5 exd5 4. Bd3 Nf6 5. Nf3 Bg4 6. 0-0 Be7 7. Bf4 0-0 8. Nbd2 Bd6 9. Bxd6 Qxd6 10. Re1 Nc6 11. c3 Rfe8 12. Qb3 b6 13. Bb5 Na5 14. Qc2 c6 15. Bd3 Bh5 16. Ne5 1/2-1/2

[Event "Liberec op"]
[Site "Liberec"]
[Date "2007.11.12"]
[Round "3"]
[White "Suchomel, Ales"]
[Black "Tejnsky, Bretislav"]
[Result "1-0"]
[WhiteElo "1798"]
[BlackElo "2005"]
[PlyCount "123"]
[EventDate "2007.11.10"]
[EventType "swiss"]
[EventRounds "9"]
[EventCountry "CZE"]
[SourceTitle "EXT 2008"]
[Source "ChessBase"]
[SourceDate "2007.11.25"]
[SourceVersion "1"]
[SourceVersionDate "2007.11.25"]
[SourceQuality "1"]

1. d4 Nf6 2. Nf3 g6 3. Bg5 Bg7 4. e3 d6 5. c4 Ne4 6. Bh4 c5 7. Nc3 Qa5 8. Qc2 Bf5 9. Bd3 cxd4 10. exd4 Nxc3 11. bxc3 Bxd3 12. Qxd3 0-0 13. 0-0 Re8 14. Rfe1 Nc6 15. Re2 e5 16. Rae1 f5 17. dxe5 dxe5 18. Qd5+ Kh8 19. Qxa5 Nxa5 20. Nxe5 Rxe5 21. Rxe5 Bxe5 22. Rxe5 Nxc4 23. Re7 b5 24. Bf6+ Kg8 25. Rg7+ Kf8 26. Rxh7 Re8 27. Rh8+ Kf7 28. Rxe8 Kxe8 29. Kf1 a5 30. Ke2 Kd7 31. Kf3 a4 32. Kf4 Ke6 33. Bd4 Nd6 34. f3 Nf7 35. h4 Nd8 36. g4 fxg4 37. fxg4 Nc6 38. Bc5 Kd5 39. Bf8 Nd8 40. Bb4 Ne6+ 41. Ke3 Ke5 42. Ba5 Kd5 43. Kf3 Ke5 44. Bb6 Kd5 45. h5 Ng5+ 46. Kf4 Ne6+ 47. Kg3 Nf8 48. h6 Kc4 49. Ba5 Kd5 50. Kf4 Ne6+ 51. Ke3 Nf8 52. Bb4 Nh7 53. Kf4 Ke6 54. Ba5 Kd5 55. a3 Ke6 56. Bd8 Kd7 57. Bh4 Kc6 58. Ke4 Kd6 59. Kd4 Nf8 60. Bg3+ Kc6 61. Ke5 Nh7 62. Ke6 1-0

[Event "Ostrava op-A"]
[Site "Ostrava"]
[Date "2003.05.06"]
[Round "3"]
[White "Tejnsky, Bretislav"]
[Black "Melecky, Jaroslav"]
[Result "0-1"]
[WhiteElo "1848"]
[BlackElo "2080"]
[PlyCount "56"]
[EventDate "2003.05.03"]
[EventType "swiss"]
[EventRounds "10"]
[EventCountry "CZE"]
[SourceTitle "EXT 2006"]
[Source "ChessBase"]
[SourceDate "2005.11.24"]
[SourceVersion "1"]
[SourceVersionDate "2005.11.24"]
[SourceQuality "1"]

1. e4 d5 2. exd5 Nf6 3. c4 c6 4. d6 Qxd6 5. Nc3 e5 6. Nf3 Be7 7. d3 Bf5 8. h3 h6 9. Be3 Nbd7 10. d4 0-0 11. Qb3 exd4 12. Nxd4 Bg6 13. Be2 Nc5 14. Qd1 Rad8 15. 0-0 Rfe8 16. a3 Qe5 17. Nf3 Qb8 18. Nd4 Ne6 19. Nxc6 bxc6 20. Qc1 Nd4 21. Bxd4 Rxd4 22. b4 Qe5 23. f4 Qd6 24. c5 Qc7 25. Kh1 Bf8 26. Ra2 Be4 27. Rd2 Qd7 28. Nxe4 Nxe4 0-1